000
00302nam a2200121Ia 4500
008
220120s9999||||xx |||||||||||||| ||und||
020
_a
978064407052
082
_a
621.382 CHA
100
_a
Chandrashekaraiah
_9
11498
245
0
_a
Telecommunication switching
260
_b
New York
300
_a
238p.
_b
0
999
_c
136462
_d
136462